00969nam a2200265 i 4500001000300000003000400003005001700007008003900024020001500063040000800078041000800086080001500094080001200109100003300121245005800154250001600212260005500228300004100283504003700324521014000361650003300501655003000534710004100564856009800605bgBPK20200317081427.0981010s1998 pl a f f |000 0 pol a832042304X cBPK0 apol a621.01:744 a(075.8)1 aDobrzański, TadeuszeAutor10aRysunek techniczny maszynowy /cTadeusz Dobrzański. aWyd. 19 zm. aWarszawa :bWydawnictwa Naukowo-Techniczne,c1998. a214, [2] s. :brys., wykr. ;c29 cm. aWykaz norm s. 210-211. - Indeks. aDla personelu inż.-tech. biur konstrukcyjnych i projektowych oraz zakładów przemysłowych, dla słuchaczy uczelni i szkół tech. 4aMaszynyxrysunek techniczny. 4aPodręczniki akademickie2 aWydawnictwa Naukowo-Techniczne4pbl. uhttp://koha.tu.koszalin.pl/cgi-bin/koha/opac-detail.pl?biblionumber=44355yKatalog online BPK